Learning Resource and Development

Principles of hotel front office operations / (Record no. 26726)

MARC details
000 -LEADER
fixed length control field 01475nam a2200265 i 4500
003 - CONTROL NUMBER IDENTIFIER
control field CSPC
005 - DATE AND TIME OF LATEST TRANSACTION
control field 20231228162721.0
008 - FIXED-LENGTH DATA ELEMENTS--GENERAL INFORMATION
fixed length control field 231214r20212020ii a b 001 0 eng d
020 ## - INTERNATIONAL STANDARD BOOK NUMBER
International Standard Book Number 9789352694297
040 ## - CATALOGING SOURCE
Transcribing agency CSPC
Original cataloging agency CSPC
Language of cataloging eng
082 04 - DEWEY DECIMAL CLASSIFICATION NUMBER
Classification number 647.94068
Item number B226p
100 1# - MAIN ENTRY--PERSONAL NAME
Personal name Bannerjee, Julee Sinha,
Relator term author.
245 10 - TITLE STATEMENT
Title Principles of hotel front office operations /
Statement of responsibility, etc. Julee Sinha Bannerjee.
264 #1 - PRODUCTION, PUBLICATION, DISTRIBUTION, MANUFACTURE, AND COPYRIGHT NOTICE
Place of production, publication, distribution, manufacture New Delhi, India :
Name of producer, publisher, distributor, manufacturer Random Publications,
Date of production, publication, distribution, manufacture, or copyright notice 2020 ;
300 ## - PHYSICAL DESCRIPTION
Extent ix, 266 pages :
Other physical details illustrations ;
Dimensions 25 cm.
336 ## - CONTENT TYPE
Source rdacontent
Content type term text
337 ## - MEDIA TYPE
Source rdamedia
Media type term unmediated
338 ## - CARRIER TYPE
Source rdacarrier
Carrier type term volume
504 ## - BIBLIOGRAPHY, ETC. NOTE
Bibliography, etc. note Includes bibliographical references and index.
505 0# - FORMATTED CONTENTS NOTE
Formatted contents note Role of workplace communication in front office operations -- Importance of team environment management in front office -- Employee health and safety in front office management -- Effective customer service techniques -- Hotel front office reservation procedures -- Effects of computer reservation system in the operations -- Online accommodation reception services -- Front office management night audit -- Duties & responsibilities of club reception, concierge and bell services -- Cashiering services: security policies and procedures .
650 #0 - SUBJECT ADDED ENTRY--TOPICAL TERM
Topical term or geographic name entry element Hotel front desk personnel
650 #0 - SUBJECT ADDED ENTRY--TOPICAL TERM
Topical term or geographic name entry element Hotel management
942 ## - ADDED ENTRY ELEMENTS (KOHA)
Source of classification or shelving scheme Dewey Decimal Classification
Koha item type Books
Call number prefix CIR
Suppress in OPAC No
Classification part 647.94068
Call number suffix 2020
Holdings
Withdrawn status Lost status Source of classification or shelving scheme Damaged status Not for loan Home library Current library Shelving location Date acquired Total Checkouts Full call number Barcode Date last seen Copy number Price effective from Koha item type
    Dewey Decimal Classification     Main Library Main Library Circulation Section 12/14/2023   CIR 647.94068 B226p 2020 026631 12/14/2023 1-1 12/14/2023 Books